| 000 | 00000nas 2200000za 4500 |
| 001 | 9.505969 |
| 003 | CaOODSP |
| 005 | 20251126082507 |
| 007 | cr ||||||||||| |
| 008 | 150406c20069999oncar p o f0 a0eng|d |
| 040 | |aCaOODSP|beng |
| 043 | |an-cn--- |
| 086 | 1 |aCC402-1E-PDF |
| 110 | 2 |aCanadian Air Transport Security Authority. |
| 245 | 10|aSummary of the ... corporate plan, capital and operating budgets |h[electronic resource] / |cCanadian Air Transport Security Authority. |
| 246 | 30|aSummary of the ... corporate plan, … capital budget, … operating budget |
| 246 | 30|aSummary of the ... corporate plan, … operating budget, ... capital budget |
| 260 | |a[Ottawa] : |bCanadian Air Transport Security Authority |
| 310 | |aAnnual |
| 362 | 1 |aBegan with 2005/06-2009/10. |
| 500 | |aIssued also in French under title: Résumé du plan d'entreprise ... et des budget d'investissement et de fonctionnement. |
| 515 | |aReport year ends Mar. 31. |
| 530 | |aIssued also in print. |
| 692 | 07|2gccst|aBudget planning |
| 692 | 07|2gccst|aFinancial management |
| 775 | 08|tRésumé du plan d'entreprise ... et des budgets d'investissement et de fonctionnement |w(CaOODSP)9.502371 |
| 776 | 0#|tCanadian Air Transport Security Authority, summary of the ... corporate plan, capital and operating budgets |w(CaOODSP)9.511968 |